Esposizione della dottrina cristiana del prof. R. M. Opera pubblicata in francese dall'Istituto dei fratelli delle scuole cristiane e, da un membro del medesimo, tradotta in italiano : Parte III. Culto

Gespeichert in:
Bibliographische Detailangaben
Format: Buch
Sprache:Italienisch
Erschienen: Torino Tip. S. Giuseppe Degli Artigianelli 1939
Katalog:EDISCO:  Suchergebnis im Bibliothekskatalog
Schulbuchspezifische Eigenschaften:
Tags: Tag hinzufügen
Keine Tags, Fügen Sie den ersten Tag hinzu!
Hinzugefügt zu:30.04.2016
Geändert in:04.10.2017

MARC

LEADER 00000aam a22000007 4500
001 20750
003 OSt
005 20171004090507.0
008 160501s1939 it 000 0 ita
040 |c Paola Zonca - Torino - SBN 
041 1 |a ita 
245 0 0 |a Esposizione della dottrina cristiana del prof. R. M. Opera pubblicata in francese dall'Istituto dei fratelli delle scuole cristiane e, da un membro del medesimo, tradotta in italiano : Parte III. Culto 
260 |a Torino  |b Tip. S. Giuseppe Degli Artigianelli  |c 1939 
300 |a 8. p. XII,, ;  
510 3 |a L. 10. 
901 |a 7 
942 |2 ddc  |c BK 
546 |a ita 
999 |c 20739  |d 20739 
999 |c edisco:20739  |d 20739